Statistics for Most Common Names That Start With A

Click here to take the quiz!

General Stats

  • This quiz has been taken 32 times
  • The average score is 3 of 10

Answer Stats

HintAnswer% Correct
6Alexander
57%
10Andrew
54%
9Anthony
43%
3Abigail
36%
1Amelia
21%
2Ava
21%
4Avery
21%
5Aria
18%
7Asher
11%
8Aidan
7%

Score Distribution

Percentile by Number Answered

Percent of People with Each Score

Your Score History

You have not taken this quiz